| 000 | 00404nam a2200145Ia 4500 | ||
|---|---|---|---|
| 008 | 231129s1986||||xx |||||||||||||| ||spa|| | ||
| 020 | _a968-880-005-8 | ||
| 040 | _bspa | ||
| 082 | _a658 G347h | ||
| 100 | _aGeorge Claude S. | ||
| 245 | 0 | _aHistoria del pensamiento administrativo | |
| 260 | _c1986 | ||
| 264 | _aPrentice-Hall Hispanoamericana | ||
| 942 |
_2ddc _cBKS |
||
| 999 |
_c15274 _d15274 |
||